000 00852nam a2200253Ia 4500
003 OSt
005 20220926005415.0
006 a|||||r|||| 00| 0
007 ta
008 220923b |||||||| |||| 00| 0 eng d
020 _a9788187358510
_c552.5
037 _b368, 27/03/2008, Bharatiya Sahitya Bhavana
_cGeneral Book
040 _aRTL
_cRTL
_beng
041 _2eng
_aeng
082 _aY9 (Q): 48, P7
100 _aFROERER Peggy
_939373
245 0 _aReligious division and social conflict
_b The emergence of Hindu Nationalism in Rural India.
260 _a New Delhi
_bSocial Science Press
_c2007
300 _axx, 295p
_ccm.
500 _aBibliography: P267-287
650 _aSociology
942 _hY9 (Q): 48, P7
_cGB
_2CC
999 _c613716
_d613716